| 000 | 00598nam a22002057a 4500 | ||
|---|---|---|---|
| 003 | OSt | ||
| 005 | 20161013192313.0 | ||
| 008 | 161013b xxu||||| |||| 00| 0 eng d | ||
| 020 | _a9781853158490 | ||
| 040 | _cDNLM | ||
| 082 | _aWB18 G33m 2011 | ||
| 100 |
_aBudder, Megan [et....al] _911198 |
||
| 245 | _aGet Through Final FRCR Part A: SBAs for the mudular examination | ||
| 260 | _aUK; Royal society of medicine Press, 2011 | ||
| 300 | _ax,369p;ill: 24cm | ||
| 504 | _aReferences included | ||
| 650 |
_aMedicine MCQs _911197 |
||
| 650 |
_aFinal FRCR examination _911199 |
||
| 942 |
_2z _cO_SHELF |
||
| 999 |
_c5354 _d5354 |
||